000 00858nab a2200253 u 4500
001 15229
003 HDC
007 cr bn ---aaaaa
008 210217b2018mmddmy d||no |||| 00| 0 eng d
040 _aHDC
100 _aNurhafizah Tan
_915499
245 0 _aIndonesia halal product assurance law to have minimal impact on exports - MATRADE
_c/ Nurhafizah Tan
260 _aMalaysia:
_bBERNAMA,
_c2018
300 _a1 online resource
336 _atext
_2rdacontent
337 _acomputer
_2rdamedia
338 _aonline resource
_2rdacarrier
650 _aTrade
_xReligious aspect
_xIslam
_915500
710 _aBernama
856 _zRequest full-text at [email protected]
942 _2lcc
942 _cNEWS
942 _kNWSO 003779
999 _c12545
_d12545